Infanzia : quale violenza? : dossier condizione infantile nei campi containers /

Збережено в:
Бібліографічні деталі
Співавтор: Lega volontari per l'infanzia
Формат: Книга
Мова:Італійська мова
Опубліковано: [Napoli] : Ediservice, [stampa 1986]
Теги: Додати тег
Немає тегів, Будьте першим, хто поставить тег для цього запису!

MARC

LEADER 00000nam a22000007i 4500
001 IT\ICCU\UBO\3428182
003 ItRI
005 20260115232447.0
008 080526s1985 it |||||| ||||| |||||c
040 |b ita  |c importazione bologna sebina 
041 7 |a ita  |2 ISO-639-2 
245 0 0 |a Infanzia :  |b quale violenza? : dossier condizione infantile nei campi containers /  |c Lega Volontari per l'Infanzia. 
260 |a [Napoli] :  |b Ediservice,  |c [stampa 1986] 
300 |a 61 p. :  |b ill. ;  |c 24 cm 
500 |a In testa al front.: con il patrocinio Unicef, comitato regionale campano. 
710 2 |a Lega volontari per l'infanzia  |0 IT\ICCU\RERV\024184 
772 1 |w IT\ICCU\CFI\0070110  |t Insieme per lo sviluppo 
942 |2 ddc  |c BK  |n 0 
952 |0 0  |1 0  |4 0  |6 DOC_362_709000000000000_LEG  |7 0  |9 26149  |a BO  |b BO  |d 2026-01-15  |i 1346  |l 0  |o DOC 362.709 LEG  |p BO1346  |r 2026-01-15 23:24:47  |w 2026-01-15  |x [Sebina 7] [1 v.]  |y BK  |z 1 v. 
999 |c 22133  |d 22133